Klikkaa käännöstä - italia - Statistics

Yleistilastot
  • Tätä visaa on pelattu 995 kertaa
  • Keskiarvotulos 11 / 20
Vastaustilastot
Hint Vastaus % Oikein
Vesi Acqua
91%
Nainen Donna
82%
Maito Latte
82%
Notte
80%
Seitsemän Sette
80%
Vihreä Verde
72%
Tähti Stella
65%
Juna Treno
65%
Persikka Pesca
64%
Maanantai Lunedì
60%
Hiiri Topo
47%
Kummitus Fantasma
46%
Kirkko Chiesa
45%
Matto Tappeto
42%
Myrsky Tempesta
42%
Käsivarsi Braccio
37%
Uimaranta Spiaggia
37%
Armeija Esercito
33%
Kenkä Scarpa
28%
Huone Stanza
26%
Ehtoja vastaavia visoja ei löytynyt
Tulosjakauma
Jokaisen tuloksen saaneiden osuus
Persentiili vastausten määrän mukaan
Tuloshistoriasi
Et ole pelannut tätä visaa